Hipo canta / (Registro nro. 8938)
[ vista simple ]
| 000 -LEADER | |
|---|---|
| fixed length control field | 00876nam a2200313 4500 |
| 001 - CONTROL NUMBER | |
| control field | 411315 |
| 003 - CONTROL NUMBER IDENTIFIER | |
| control field | DO-SdBNP |
| 005 - DATE AND TIME OF LATEST TRANSACTION | |
| control field | 20180220130119.0 |
| 007 - PHYSICAL DESCRIPTION FIXED FIELD--GENERAL INFORMATION | |
| fixed length control field | 411315 |
| 008 - FIXED-LENGTH DATA ELEMENTS--GENERAL INFORMATION | |
| fixed length control field | 940805s1993 sp | ||| ||spa |
| 016 7# - NATIONAL BIBLIOGRAPHIC AGENCY CONTROL NUMBER | |
| Record control number | |
| Source | BPMSU |
| 017 ## - COPYRIGHT OR LEGAL DEPOSIT NUMBER | |
| Copyright or legal deposit number | |
| Assigning agency | |
| 020 ## - INTERNATIONAL STANDARD BOOK NUMBER | |
| International Standard Book Number | 8434822806 |
| 035 ## - SYSTEM CONTROL NUMBER | |
| System control number | |
| 040 ## - CATALOGING SOURCE | |
| Original cataloging agency | BPMSU |
| Language of cataloging | spa |
| Transcribing agency | BPMSU |
| Description conventions | |
| 080 #0 - UNIVERSAL DECIMAL CLASSIFICATION NUMBER | |
| Universal Decimal Classification number | |
| 100 1# - MAIN ENTRY--PERSONAL NAME | |
| Personal name | Posadas, Carmen, |
| Dates associated with a name | 1953- |
| Relator term | ilustraciones |
| 245 10 - TITLE STATEMENT | |
| Title | Hipo canta / |
| Statement of responsibility, etc. | Carmen de Posadas ; ilustraciones de Asun Balzola |
| Medium | |
| 250 ## - EDITION STATEMENT | |
| Edition statement | 5ª ed. |
| 260 ## - PUBLICATION, DISTRIBUTION, ETC. (IMPRINT) | |
| Place of publication, distribution, etc. | Madrid : |
| Name of publisher, distributor, etc. | SM, |
| Date of publication, distribution, etc. | 1993 |
| 300 ## - PHYSICAL DESCRIPTION | |
| Extent | 61 p. ; |
| Other physical details | il. : |
| Dimensions | 20 cm. |
| 440 #3 - SERIES STATEMENT/ADDED ENTRY--TITLE | |
| Title | El barco de vapor. |
| 490 1# - SERIES STATEMENT | |
| Series statement | El barco de vapor. Serie blanca |
| Volume/sequential designation | 17 |
| 700 12 - ADDED ENTRY--PERSONAL NAME | |
| Personal name | Balzola, Asun, |
| Dates associated with a name | 1942-2006 |
| Relator term | il. |
| 830 #0 - SERIES ADDED ENTRY--UNIFORM TITLE | |
| Uniform title | El barco de vapor |
| Name of part/section of a work | blanca |
| Volume number/sequential designation | 17 |
| 942 ## - ADDED ENTRY ELEMENTS (KOHA) | |
| Source of classification or shelving scheme | Dewey Decimal Classification |
| Koha item type | Libros |
| 945 ## - LOCAL PROCESSING INFORMATION (OCLC) | |
| a | Inventariado, 2018 /LP |
| 956 ## - LOCAL ELECTRONIC LOCATION AND ACCESS (OCLC) | |
| Host name | VMATEO |
| Access number | 10 |
| Compression information | 20151126 |
| Path | 00151 |
| Processor of request | BPMSU |
| Withdrawn status | Lost status | Source of classification or shelving scheme | Damaged status | Not for loan | Collection code | Home library | Current library | Date acquired | Source of acquisition | Total Checkouts | Barcode | Date last seen | Price effective from | Koha item type |
|---|---|---|---|---|---|---|---|---|---|---|---|---|---|---|
| Dewey Decimal Classification | Colección Infantil General | Biblioteca Pública Metropolitana Salomé Ureña | Biblioteca Pública Metropolitana Salomé Ureña | 11/26/2015 | FUNDI | BPMSU15110516 | 11/26/2015 | 11/26/2015 | Libros |